Ajustes de ecuaciones alométricas para estimar carbono en la parte aérea y radicular en brinzales de Pinus hartwegii Lindl. en el Parque Nacional Iztaccíhuatl-Popocatépetl / (Record no. 218705)
[ view plain ]
| 000 -CABECERA | |
|---|---|
| campo de control de longitud fija | 02745nam a2200301 a 4500 |
| 003 - IDENTIFICADOR DEL NÚMERO DE CONTROL | |
| campo de control | OSt |
| 005 - FECHA Y HORA DE LA ÚLTIMA TRANSACCIÓN | |
| campo de control | 20260209141115.0 |
| 007 - CAMPO FIJO DE DESCRIPCIÓN FÍSICA--INFORMACIÓN GENERAL | |
| campo de control de longitud fija | cr ||||||a|c|a |
| 008 - DATOS DE LONGITUD FIJA--INFORMACIÓN GENERAL | |
| campo de control de longitud fija | 230509s2019 mx a|||fom||| 001 0 spa d |
| 040 ## - FUENTE DE LA CATALOGACIÓN | |
| Normas de descripción | rda |
| 100 1# - ENTRADA PRINCIPAL--NOMBRE DE PERSONA | |
| 9 (RLIN) | 186933 |
| Nombre de persona | Martínez Luna, José Efraín |
| 245 10 - MENCIÓN DE TÍTULO | |
| Título | Ajustes de ecuaciones alométricas para estimar carbono en la parte aérea y radicular en brinzales de Pinus hartwegii Lindl. en el Parque Nacional Iztaccíhuatl-Popocatépetl / |
| Mención de responsabilidad, etc. | por José Efraín Martínez Luna; director de tesis Fernando Carrillo Anzures. |
| 264 #1 - PRODUCCIÓN, PUBLICACIÓN, DISTRIBUCIÓN, FABRICACIÓN Y COPYRIGHT | |
| Producción, publicación, distribución, fabricación y copyright | Chapingo, México : |
| Nombre del de productor, editor, distribuidor, fabricante | El autor, |
| Fecha de producción, publicación, distribución, fabricación o copyright | 2019. |
| 300 ## - DESCRIPCIÓN FÍSICA | |
| Extensión | 1 recurso en línea (81 páginas): |
| Otras características físicas | cuadros, figuras. |
| 336 ## - TIPO DE CONTENIDO | |
| Fuente | rdacontent |
| Término de tipo de contenido | texto |
| Código de tipo de contenido | txt |
| 337 ## - TIPO DE MEDIO | |
| Fuente | rdamedia |
| Nombre/término del tipo de medio | computadora |
| Código del tipo de medio | c |
| 338 ## - TIPO DE SOPORTE | |
| Fuente | rdacarrier |
| Nombre/término del tipo de soporte | recurso en línea |
| Código del tipo de soporte | cr |
| 502 ## - NOTA DE TESIS | |
| Tipo de título | Ingeniería Forestal |
| Nombre de la institución que otorga el título | División de Ciencias Forestales, |
| Año de obtención del título | 2019. |
| Información miscelánea | Licenciatura |
| 504 ## - NOTA DE BIBLIOGRAFÍA, ETC. | |
| Nota de bibliografía, etc. | Incluye referencias bibliográficas: páginas 51-58. |
| 520 ## - SUMARIO, ETC. | |
| Sumario, etc. | Los gases de efecto invernadero (GEI) son una de las principales causas del calentamiento global. Gracias a los servicios ambientales es posible mitigar parte de los GEI, debido a que los ecosistemas forestales utilizan el CO2 como parte de la fotosíntesis para generar energía. Cuantificar estos datos ayudarían a entender cómo funcionan y cómo contribuyen los ecosistemas del Parque Nacional Izta-Popo. El objetivo de este trabajo fue ajustar las ecuaciones alométricas para Pinus hartwegii Lindl. en plantaciones de reforestación en el Parque Nacional Izta-Popo utilizando variables de fácil medición para relacionarlas con la biomasa, dichas variables fueron diámetro de la base, altura total y altura a la primera rama viva. Para esto se seleccionaron 90 brinzales y se calculó la biomasa de cada uno, así como la biomasa de cada componente, follaje, ramas, tallo y raíz. Se calculó el contenido de carbono para determinar la cantidad de este elemento capturado en los propios brinzales. La ecuación resultante para el diámetro a la base fue B=0.0092*DB2.7226, con un coeficiente de determinación de R2= 0.9521. la ecuación para la altura total fue de B=0.7546*hT2.5819, con un coeficiente de determinación de R2= 0.8644. La variable de altura a la primera rama viva obtuvo un coeficiente de determinación bajo, R2= 0.3203. El carbono acumulado promedio para los brinzales de este estudio fue de 50.81%. |
| 650 #4 - PUNTO DE ACCESO ADICIONAL DE MATERIA--TÉRMINO DE MATERIA | |
| 9 (RLIN) | 131943 |
| Término de materia o nombre geográfico como elemento de entrada | Arboles |
| Subdivisión general | Alometría |
| 650 #4 - PUNTO DE ACCESO ADICIONAL DE MATERIA--TÉRMINO DE MATERIA | |
| 9 (RLIN) | 130250 |
| Término de materia o nombre geográfico como elemento de entrada | Árboles |
| Subdivisión general | Medición |
| 650 #4 - PUNTO DE ACCESO ADICIONAL DE MATERIA--TÉRMINO DE MATERIA | |
| 9 (RLIN) | 132073 |
| Término de materia o nombre geográfico como elemento de entrada | Biomasa |
| Subdivisión general | Medición |
| 650 #4 - PUNTO DE ACCESO ADICIONAL DE MATERIA--TÉRMINO DE MATERIA | |
| 9 (RLIN) | 132308 |
| Término de materia o nombre geográfico como elemento de entrada | Bosques |
| Subdivisión general | Secuestro de carbono |
| 700 1# - PUNTO DE ACCESO ADICIONAL--NOMBRE DE PERSONA | |
| 9 (RLIN) | 19451 |
| Nombre de persona | Carrillo Anzures, Fernando |
| Término indicativo de función/relación | Director de tesis. |
| 856 ## - LOCALIZACIÓN Y ACCESO ELECTRÓNICOS | |
| Identificador Uniforme del Recurso | http://10.13.5.2/tesis/tl/Martinez_Luna_Jose_Efrain.pdf |
| Nota pública | DESCARGAR PDF |
| 942 ## - ELEMENTOS DE PUNTO DE ACCESO ADICIONAL (KOHA) | |
| Fuente del sistema de clasificación o colocación | Clasificación Universidad Autónoma Chapingo |
| Tipo de ítem Koha | Tesis digital |
| Estado de retiro | Estado de pérdida | Fuente del sistema de clasificación o colocación | Estado dañado | Restricciones de uso | No para préstamo | Código de colección | Localización permanente | Ubicación/localización actual | Ubicación en estantería | Fecha de adquisición | Total de préstamos | Signatura topográfica completa | Fecha visto por última vez | Precio válido a partir de | Tipo de ítem Koha |
|---|---|---|---|---|---|---|---|---|---|---|---|---|---|---|---|
| Clasificación Universidad Autónoma de Chapingo | Préstamo interno | Tesis digitales de Licenciatura | Biblioteca Digital | Biblioteca Digital | En línea | 09/05/2023 | Tesis digital | 09/05/2023 | 09/05/2023 | Tesis digital |
